Mestské včely sa majú lepšie ako dedinské

Zodpovedný prístup obchodníkov k životnému prostrediu - chov včiel na zelenej streche obchodného domu. Med bude slúžiť ako odmena za vernosť a dar pre partnerov.

Salvato in:
Dettagli Bibliografici
Natura: Capitolo di libro
Lingua:slovacco
Soggetti:
Tags: Aggiungi Tag
Nessun Tag, puoi essere il primo ad aggiungerne!!

MARC

LEADER 00000naa a2200000 4500
001 0259945
005 20191127102447.2
041 0 |a slo 
044 |a SK 
245 1 0 |a Mestské včely sa majú lepšie ako dedinské 
520 |a Zodpovedný prístup obchodníkov k životnému prostrediu - chov včiel na zelenej streche obchodného domu. Med bude slúžiť ako odmena za vernosť a dar pre partnerov. 
610 2 0 |a včelárstvo 
610 2 0 |a mestá 
610 2 0 |a domy obchodné 
610 2 0 |a prostredie životné